000 01571nam0a2200385 4500
001 RU\NLR\bibl\346503
005 20250621152508.0
010 _a5-7992-6045-4
_bВ пер.
_93000
021 _aRU
_b2002-47374
_92292
035 _a(NLR Aleph) 000341319
090 _a218323
_c218323
100 _a20021203d1999 |||y0rusy50 ca
101 0 _arus
102 _aRU
105 _aa |||||||||
200 1 _aТахтамукайский район Республики Адыгея
_e[Посвящ. 75-летию р-на]
_fСавв Р.Х., Демчук Н.В., Савв Т.А., Сопельняк Н.В.
210 _aМайкоп
_cАдыгея
_d1999
215 _a319 с., [36] л. ил.
_cил.
_d22
300 _aНа пер. авт. не указаны
607 _aТахтамукайский район (Адыгея)
_xИстория
_92269931
_3RU\NLR\auth\661360574
610 0 _aАдыгея, Республика - История
675 _a94(470.621)
_v3
_zrus
686 _a03.19
_2rugasnti
686 _a63.3(2Рос. Ады)
_2rubbk
686 _aТ3(2Р-4Кр-6А)
701 1 _aСавв
_bР. Х.
_gРашид Ханашхович
_4070
701 1 _aДемчук
_bН. В.
_gНиколай Васильевич
_4070
701 1 _aСавв
_bТ. А.
_gТаисия Александровна
_4070
701 1 _aСопельняк
_bН. В.
_gНаталия Владимировна
_4070
801 0 _aRU
_bRKP
_c20021203
_gPSBO
801 1 _aRU
_bRKP
_c20021203
801 2 _aRU
_bNLR
_c20080121
_grcr
942 _cBOOK
980 _aNB